000 00313nam a22001457a 4500
008 210426b ||||| |||| 00| 0 eng d
020 _a9780534230227
041 _aeng
080 _a510
082 _a510
100 _a36
101 _aMAT
245 _aIntermediate Algebra
_cGustafson,R.D
942 _2udc
_cBK
999 _c56706
_d56706